000 00541nam a22002051i 4500
001 bimo0000898443
003 OSt
005 20130515145133.0
008 900725s1979 sp spa
035 _a(OCoLC)431830002
040 _aSpMaBN
_cBMC
082 _aVe863.44
100 _aGallegos, Rómulo
_d1884-1969
_9132
245 1 3 _aLa rebelión y otros cuentos
_cRómulo Gallegos
250 _a4ª ed
260 0 _aBuenos Aires
_bEspasa- Calpe Argentina
_c1976
300 _a140 p.
_c18 cm
490 0 _aAustral
_v851
942 _2ddc
_cBK
999 _c394
_d394